Bordering Coastal Countries without Maritime Borders - Statistics

General Stats
  • This quiz has been taken 1,372 times
  • The average score is 50 of 57
Answer Stats
Country % Correct
France
95%
Russia
95%
Russia
95%
China
94%
China
94%
Germany
94%
Germany
94%
Brazil
93%
Brazil
93%
India
93%
Colombia
92%
Colombia
92%
Peru
92%
Peru
92%
Algeria
91%
Argentina
91%
Guyana
91%
Suriname
91%
Venezuela
91%
Belgium
90%
Iran
90%
Iraq
90%
Poland
90%
Poland
90%
Syria
90%
Syria
90%
Turkey
90%
Turkey
90%
DR Congo
89%
Saudi Arabia
89%
Saudi Arabia
89%
Greece
88%
Israel
88%
Libya
88%
Bulgaria
87%
Jordan
87%
Jordan
87%
Pakistan
87%
Republic of the Congo
87%
Ukraine
87%
Latvia
86%
Lithuania
86%
Mauritania
86%
Sudan
86%
Burma
85%
Cameroon
85%
Finland
84%
Norway
84%
Oman
84%
Tanzania
83%
Gabon
82%
Guinea
82%
Senegal
82%
Liberia
79%
Cote d'Ivoire
78%
Bosnia and Herzegovina
76%
Montenegro
74%
No matching quizzes found
Score Distribution
Percent of People with Each Score
Percentile by Number Answered
Your Score History
You have not taken this quiz